Piezoelectric Electromechanical Transducers for Underwater Sound, Part III and IV.

A comprehensive yet practical treatment of piezoelectric transducers for underwater sound.

Bibliographic Details
Main Author: S. Aronov, Boris.
Format: eBook
Language:English
Published: Boston, MA : Academic Studies Press, 2022.
Edition:1st ed.
Subjects:
Online Access:Click to View
LEADER 01626nam a22003733i 4500
001 EBC7045899
003 MiAaPQ
005 20231204023226.0
006 m o d |
007 cr cnu||||||||
008 231204s2022 xx o ||||0 eng d
020 |a 9781644698273  |q (electronic bk.) 
020 |z 9781644698235 
035 |a (MiAaPQ)EBC7045899 
035 |a (Au-PeEL)EBL7045899 
035 |a (OCoLC)1338837012 
040 |a MiAaPQ  |b eng  |e rda  |e pn  |c MiAaPQ  |d MiAaPQ 
082 0 |a 681.2 
100 1 |a S. Aronov, Boris. 
245 1 0 |a Piezoelectric Electromechanical Transducers for Underwater Sound, Part III and IV. 
250 |a 1st ed. 
264 1 |a Boston, MA :  |b Academic Studies Press,  |c 2022. 
264 4 |c Ã2022. 
300 |a 1 online resource (572 pages) 
336 |a text  |b txt  |2 rdacontent 
337 |a computer  |b c  |2 rdamedia 
338 |a online resource  |b cr  |2 rdacarrier 
520 |a A comprehensive yet practical treatment of piezoelectric transducers for underwater sound. 
588 |a Description based on publisher supplied metadata and other sources. 
590 |a Electronic reproduction. Ann Arbor, Michigan : ProQuest Ebook Central, 2023. Available via World Wide Web. Access may be limited to ProQuest Ebook Central affiliated libraries.  
655 4 |a Electronic books. 
776 0 8 |i Print version:  |a S. Aronov, Boris  |t Piezoelectric Electromechanical Transducers for Underwater Sound, Part III and IV  |d Boston, MA : Academic Studies Press,c2022  |z 9781644698235 
797 2 |a ProQuest (Firm) 
856 4 0 |u https://ebookcentral.proquest.com/lib/matrademy/detail.action?docID=7045899  |z Click to View